Insuficiencia cardíaca datos para el debate / (Registro nro. 32547)

Detalles MARC
000 -CABECERA
Longitud fija campo de control 01073nam a2200289 a 4500
003 - • IDENTIFICADOR DELl NÚMERO DE CONTROL
Identificador del número de control CO-ViMGA
008 - • CÓDIGOS DE INFORMACIÓN DE LONGITUD FIJA
Códigos de información de longitud fija 141112s2004 ck r 000 u spa d
020 ## - • NÚMERO INTERNACIONAL NORMALIZADO PARA LIBROS
Número Internacional Normalizado para Libros (ISBN) 8498350174
040 ## - FUENTE DE LA CATALOGACIÓN
Centro catalogador de origen CO-ViMGA
Lengua de catalogación spa
Centro transcriptor CO-ViMGA
041 ## - • CÓDIGO DE LENGUA
Código de lengua del texto/banda sonora o título independiente spa
082 04 - • NÚMERO DE LA CLASIFICACIÓN DECIMAL DEWEY
Número de clasificación (R) 616.12 I57 2007 21
245 10 - • TITULO PROPIAMENTE DICHO
Título Insuficiencia cardíaca datos para el debate /
Mención de responsabilidad, etc. coordinadores Eduardo de Teresa Galván y Manuel Anguita Sánchez
250 ## - • MENCIÓN DE EDICIÓN
Mención de edición 2a ed.
300 ## - • DESCRIPCIÓN FÍSICA
Extensión 346 p. ilustraciones, diagramas, gráficas y tablas 24 cm.
504 ## - • NOTA DE BIBLIOGRAFÍA, ETC
Nota de bibliografía, etc. Incluye referencias bibliográficas e índice.
505 ## - • NOTA DE CONTENIDO CON FORMATO
Nota de contenido con formato incluye referencias bibliográficas e índice
596 ## -
-- 2
650 14 - • PUNTO DE ACCESO ADICIONAL DE MATERIA - TÉRMINO DE MATERIA
Término de materia o nombre geográfico como elemento inicial Insuficiencia cardíaca - tratamiento
700 1# - • PUNTO DE ACCESO ADICIONAL - NOMBRE DE PERSONA
Nombre de persona Anguita Sánchez, Manuel
700 1# - • PUNTO DE ACCESO ADICIONAL - NOMBRE DE PERSONA
Nombre de persona Teresa Galván, E. de
926 ## -
-- B - GENERAL COLEC - GRAL 616.12 I57 2007 LIBRO 1
942 ## - ENTRADA DE ELEMENTOS AGREGADOS (KOHA)
Fuente de clasificaión o esquema Dewey Decimal Classification
Koha [por defecto] tipo de item LIbro
Existencias
Perdido Fuente de clasificación o esquema Estado Físico No para préstamo Forma de adquisición Localización permanente Localización actual Fecha adquisición Serie de enumeración / cronolog&íacute;a Préstamos totales Signatura completa Código de barras Fecha última consulta Número de copia Fecha del precio de reemplazo Tipo de item de Koha
  Dewey Decimal Classification     Sala Especializada Tercer Piso Biblioteca Pública Germán Arciniegas - Villavicencio Biblioteca Pública Germán Arciniegas - Villavicencio 12/04/2015 07/mar/2013   616.12 I57 2007 21 25579 12/04/2015 Ej. 1 12/04/2015 LIbro









Instituto Departamental de Cultura del Meta - Red Departamental de Bibliotecas Públicas del Meta.